<?xml version="1.0" encoding="UTF-8"?>
<record
    xmlns:xsi="http://www.w3.org/2001/XMLSchema-instance"
    xsi:schemaLocation="http://www.loc.gov/MARC21/slim http://www.loc.gov/standards/marcxml/schema/MARC21slim.xsd"
    xmlns="http://www.loc.gov/MARC21/slim">

  <leader>06723nab a22011177  4500</leader>
  <controlfield tag="003">AR-RoUNA</controlfield>
  <datafield tag="022" ind1=" " ind2=" ">
    <subfield code="a">0327-9022</subfield>
  </datafield>
  <datafield tag="040" ind1=" " ind2=" ">
    <subfield code="a">AR-RoUNA</subfield>
    <subfield code="b">spa</subfield>
  </datafield>
  <datafield tag="041" ind1=" " ind2=" ">
    <subfield code="a">spa</subfield>
  </datafield>
  <datafield tag="044" ind1=" " ind2=" ">
    <subfield code="a">ag</subfield>
  </datafield>
  <datafield tag="245" ind1=" " ind2=" ">
    <subfield code="a">Summa+</subfield>
  </datafield>
  <datafield tag="260" ind1=" " ind2=" ">
    <subfield code="a">Buenos Aires (Argentina):</subfield>
    <subfield code="c">Donn SA,</subfield>
    <subfield code="b">1993.</subfield>
  </datafield>
  <datafield tag="300" ind1=" " ind2=" ">
    <subfield code="a">168 p. :</subfield>
    <subfield code="b">il. byn.</subfield>
    <subfield code="b">planos</subfield>
    <subfield code="c">34X25 cm.</subfield>
  </datafield>
  <datafield tag="505" ind1="0" ind2=" ">
    <subfield code="t">INDICE</subfield>
  </datafield>
  <datafield tag="505" ind1="0" ind2=" ">
    <subfield code="t">AUDITORIOS - BRASIL</subfield>
  </datafield>
  <datafield tag="505" ind1="0" ind2=" ">
    <subfield code="a">Roberto Segre / Un prisma m&#xE1;gico. p. 4</subfield>
  </datafield>
  <datafield tag="505" ind1="0" ind2=" ">
    <subfield code="a">Oscar Niemeyer / Auditorio de Ibirapuera, San Pablo, 2005. p. 4</subfield>
  </datafield>
  <datafield tag="505" ind1="0" ind2=" ">
    <subfield code="a">Sergio Marques / Plug-And-Play. p. 12</subfield>
  </datafield>
  <datafield tag="505" ind1="0" ind2=" ">
    <subfield code="a">Cl&#xE1;udio Luiz Ara&#xFA;jo / Auditorio de la Universidad Ritter Dos Reis, Rua Orfanotr&#xF3;fio 555, Porto Alegre, Brasil, 2006. p. 12</subfield>
  </datafield>
  <datafield tag="505" ind1="0" ind2=" ">
    <subfield code="t">AUDITORIOS - M&#xC9;XICO - ESPEJOS EN EL AIRE</subfield>
  </datafield>
  <datafield tag="505" ind1="0" ind2=" ">
    <subfield code="a">Jaime Varon, Abraham Metta, Alex Metta, Migdla arquitectos / Teatro Auditorio Gota de Plata, Hidalgo, M&#xE9;xico, 205. p.20</subfield>
  </datafield>
  <datafield tag="505" ind1="0" ind2=" ">
    <subfield code="t">PALACIOS DE CONGRESOS - ESPA&#xD1;A</subfield>
  </datafield>
  <datafield tag="505" ind1="0" ind2=" ">
    <subfield code="a">Fabi&#xE1;n Gabriel P&#xE9;rez / Palacios de Congresos. Tipolog&#xED;as arquitect&#xF3;nicas y proyecto urbano contempor&#xE1;neo. p. 28</subfield>
  </datafield>
  <datafield tag="505" ind1="0" ind2=" ">
    <subfield code="t">CONCURSO DE ANTEPROYECTOS PARA EL PALACIO DE CONGRESOS Y HOTEL EN PALMA DE MALLORCA</subfield>
  </datafield>
  <datafield tag="505" ind1="0" ind2=" ">
    <subfield code="a">Francisco Jos&#xE9; Mangado Beloqui / Primer Premio. p. 29</subfield>
  </datafield>
  <datafield tag="505" ind1="0" ind2=" ">
    <subfield code="a">Llu&#xED;s Alegre, B&#xE1;rbara Balanz&#xF3;, Antoni Barcel&#xF3; y Llu&#xED;s Lloveras / Segundo Premio. p. 30</subfield>
  </datafield>
  <datafield tag="505" ind1="0" ind2=" ">
    <subfield code="a">Eduardo Souto De Moura / Finalista. p. 31</subfield>
  </datafield>
  <datafield tag="505" ind1="0" ind2=" ">
    <subfield code="a">Rafael Moneo / Finalista. p. 32</subfield>
  </datafield>
  <datafield tag="505" ind1="0" ind2=" ">
    <subfield code="a">Richard Rogers / Finalista. p. 33</subfield>
  </datafield>
  <datafield tag="505" ind1="0" ind2=" ">
    <subfield code="t">CONCURSO INTERNACIONAL PARA EL PALACIO DE CONGRESOS Y RECINTO FERIAL DE LE&#xD3;N </subfield>
  </datafield>
  <datafield tag="505" ind1="0" ind2=" ">
    <subfield code="a">Dominique Perrault / Primer Premio. p. 34</subfield>
  </datafield>
  <datafield tag="505" ind1="0" ind2=" ">
    <subfield code="a">Francisco Jos&#xE9; Mangado / Segundo Premio. p. 35</subfield>
  </datafield>
  <datafield tag="505" ind1="0" ind2=" ">
    <subfield code="a">I&#xF1;aki &#xC1;balos / Tercer Premio. p.36</subfield>
  </datafield>
  <datafield tag="505" ind1="0" ind2=" ">
    <subfield code="a">Fuensanta Nieto y Enrique Sobejano / Tercer Premio. p. 37</subfield>
  </datafield>
  <datafield tag="505" ind1="0" ind2=" ">
    <subfield code="a">Fabi&#xE1;n Gabriel P&#xE9;rez / Condici&#xF3;n Material. p. 38</subfield>
  </datafield>
  <datafield tag="505" ind1="0" ind2=" ">
    <subfield code="a">Felipe Artengo Rufino, Fernando Mart&#xED;n Menis, Jos&#xE9; Mar&#xED;a Rodr&#xED;guez-Pastrana, arq. / Magma Arte y Congresos, Tenerife Sur, 2006. p. 38</subfield>
  </datafield>
  <datafield tag="505" ind1="0" ind2=" ">
    <subfield code="t">TRES PRISMAS DE LUZ PARA UN TEATRO</subfield>
  </datafield>
  <datafield tag="505" ind1="0" ind2=" ">
    <subfield code="a">Ignacio G. Pedrosa, &#xC1;ngela Garc&#xED;a de Predes Paredes Pedrosa arqs. / Teatro Olimpia, Plaza de Lavapi&#xE9;s s/n 28012, Madrid. p. 52</subfield>
  </datafield>
  <datafield tag="505" ind1="0" ind2=" ">
    <subfield code="t">ARQUITECTURA MODERNA</subfield>
  </datafield>
  <datafield tag="505" ind1="0" ind2=" ">
    <subfield code="a">FernandO Diez / El Palacio de congresos, un tipo del siglo XX. p. 58</subfield>
  </datafield>
  <datafield tag="505" ind1="0" ind2=" ">
    <subfield code="t">GIGANTE SILENCIOSO</subfield>
  </datafield>
  <datafield tag="505" ind1="0" ind2=" ">
    <subfield code="a">Gustavo Penna arquitecto &amp; associados / Expominas, Belo Horizonte, Minas Gerais, Brasil, 2006. p. 64</subfield>
  </datafield>
  <datafield tag="505" ind1="0" ind2=" ">
    <subfield code="t">CENTRO DE EXPOSICIONES - BUENOS AIRES</subfield>
  </datafield>
  <datafield tag="505" ind1="0" ind2=" ">
    <subfield code="a">Cayetana Merc&#xE9; / Cultura que despierta. p. 70</subfield>
  </datafield>
  <datafield tag="505" ind1="0" ind2=" ">
    <subfield code="a">Ampliaci&#xF3;n y remodelaci&#xF3;n del Centro Cultural San Mart&#xED;n, Buenos Aires, 2008. p. 70</subfield>
  </datafield>
  <datafield tag="505" ind1="0" ind2=" ">
    <subfield code="t">DOCUMENTOS - ESPA&#xD1;OLES</subfield>
  </datafield>
  <datafield tag="505" ind1="0" ind2=" ">
    <subfield code="a">Ram&#xF3;n Guti&#xE9;rrez y Patricia M&#xE9;ndez / Arquitectos espa&#xF1;oles en el R&#xED;o de La Plata de 1800 a 1930. p. 76</subfield>
  </datafield>
  <datafield tag="505" ind1="0" ind2=" ">
    <subfield code="a">Juli&#xE1;n Garc&#xED;a Nu&#xF1;ez / Cine La Armonia, sede Almagro, Buenos Aires. 76</subfield>
  </datafield>
  <datafield tag="505" ind1="0" ind2=" ">
    <subfield code="a">Juli&#xE1;n Garc&#xED;a Nu&#xF1;ez / Hospital espa&#xF1;ol de Buenos Aires. p. 77</subfield>
  </datafield>
  <datafield tag="505" ind1="0" ind2=" ">
    <subfield code="a">Francisco T&#xE1;rrega / proyecto para Templo en el barrio Saladillo, Rosario, Santa Fe, Argentina, 1915. p. 80</subfield>
  </datafield>
  <datafield tag="505" ind1="0" ind2=" ">
    <subfield code="a">Angel Pascual / Proyecto "Mansi&#xF3;n Neoazteca", 1921.p. 81</subfield>
  </datafield>
  <datafield tag="505" ind1="0" ind2=" ">
    <subfield code="a">Manuel Torres Armengol / Jefatura de Polic&#xED;a y Cuerpo de Bomberos, Rosario, Santa Fe, Argentina, 1910. p. 84</subfield>
  </datafield>
  <datafield tag="505" ind1="0" ind2=" ">
    <subfield code="t">RICARDO FLORES Y EVA PRATS</subfield>
  </datafield>
  <datafield tag="505" ind1="0" ind2=" ">
    <subfield code="a">Fredy Massad y Alicia Guerrero Yeste / La sensibilidad pragm&#xE1;tica. p. 86</subfield>
  </datafield>
  <datafield tag="505" ind1="0" ind2=" ">
    <subfield code="a">Ricardo Flores y Eva Prats, arqs. / Hotel Nuevo Triunfo, C/Cabanes 34, Barcelona, Espa&#xF1;a, 2001. p. 94</subfield>
  </datafield>
  <datafield tag="505" ind1="0" ind2=" ">
    <subfield code="a">Ricardo Flores y Eva Prats, arqs. / Plaza Pius XII. Paisaje Social, Sant Adri&#xE1; de Bes&#xF3;s, Barcelona, Espa&#xF1;a, 2004. p. 98</subfield>
  </datafield>
  <datafield tag="505" ind1="0" ind2=" ">
    <subfield code="a">Ricardo Flores y Eva Prats, arqs. / Indusria Textil, Nave Yute&#xB4;s, Carrer Treball 3, Sant Just Desvern, Barcelona, Espa&#xF1;a, 2005. p. 102</subfield>
  </datafield>
  <datafield tag="505" ind1="0" ind2=" ">
    <subfield code="a">Ricardo Flores y Eva Prats, arqs. / Casa Providencia, Carrer Providencia 54, Badalona, Barcelona, 2002. p.106</subfield>
  </datafield>
  <datafield tag="505" ind1="0" ind2=" ">
    <subfield code="a">Ricardo Flores y Eva Prats, arqs. / Concurso para la ampliaci&#xF3;n del Museo Bornholms, Dinamarca, 2004. p. 110</subfield>
  </datafield>
  <datafield tag="505" ind1="0" ind2=" ">
    <subfield code="t">ARTE Y CULTURA</subfield>
  </datafield>
  <datafield tag="505" ind1="0" ind2=" ">
    <subfield code="a">Ana Gallardo / Yuxtaposici&#xF3;n, adyacencia, proximidad, alteraci&#xF3;n. p.112</subfield>
  </datafield>
  <datafield tag="505" ind1="0" ind2=" ">
    <subfield code="a">Roberto Fern&#xE1;ndez / Modernidad seg&#xFA;n Paulo: un comentario sobre Paulo Mendes Da Rocha. p. 114</subfield>
  </datafield>
  <datafield tag="505" ind1="0" ind2=" ">
    <subfield code="a">Mario Sabugo / Saint - Ex. p. 118</subfield>
  </datafield>
  <datafield tag="505" ind1="0" ind2=" ">
    <subfield code="t">POST-SCRIPTUM</subfield>
  </datafield>
  <datafield tag="505" ind1="0" ind2=" ">
    <subfield code="a">Eugenio M. Fr&#xED;as Moreno / Museo del Quai Branly: arte, cultura y pol&#xED;tica. p. 119</subfield>
  </datafield>
  <datafield tag="505" ind1="0" ind2=" ">
    <subfield code="t">SUMMA+ DETALLES 4</subfield>
  </datafield>
  <datafield tag="505" ind1="0" ind2=" ">
    <subfield code="t">AUDITORIOS</subfield>
  </datafield>
  <datafield tag="505" ind1="0" ind2=" ">
    <subfield code="a">Fuksas Office / Centro de investigaciones destilleria Nardini, Vicenza, Italia, 2004. p. 122</subfield>
  </datafield>
  <datafield tag="505" ind1="0" ind2=" ">
    <subfield code="t">NUEVO POLO FERIA DE MIL&#xC1;N </subfield>
  </datafield>
  <datafield tag="505" ind1="0" ind2=" ">
    <subfield code="a">Massimiliano Fuksas y Doriana O.Fuksas / Nuevo Polo Fria de Mil&#xE1;n, Italia, 2005. p.128</subfield>
  </datafield>
  <datafield tag="505" ind1="0" ind2=" ">
    <subfield code="a">Jaime Varon, Abraham Metta, Alex Metta, Migdal arqs./ Teatro Auditorio Gota de Plata,Pachuca, Hidalgo, M&#xE9;xico, 2005. p.124</subfield>
  </datafield>
  <datafield tag="505" ind1="0" ind2=" ">
    <subfield code="t">MAGNA ARTE Y CONGRESOS</subfield>
  </datafield>
  <datafield tag="505" ind1="0" ind2=" ">
    <subfield code="a">Felipe Artengo Rufino y otros / Magma Arte y Congresos,Tenerife Sur, Espa&#xF1;a. p.142</subfield>
  </datafield>
  <datafield tag="505" ind1="0" ind2=" ">
    <subfield code="a">Cl&#xE1;udio Luis Ara&#xFA;jo / Auditorio Universidad Ritter, Rua Orfanotr&#xF3;fico 555, Puerto Alegre, Brasil, 2006. p.150</subfield>
  </datafield>
  <datafield tag="505" ind1="0" ind2=" ">
    <subfield code="a">Anna Maria Hennes / Proyecto Luminot&#xE9;cnico. Sistemas de iluminaci&#xF3;n. p. 154</subfield>
  </datafield>
  <datafield tag="505" ind1="0" ind2=" ">
    <subfield code="a">Flavio Maya Sim&#xF4;es / Proyecto ac&#xFA;stico. p. 156</subfield>
  </datafield>
  <datafield tag="505" ind1="0" ind2=" ">
    <subfield code="a">D&#xE9;bora Cerchiara /  Revista Tect&#xF3;nica. p.158</subfield>
  </datafield>
  <datafield tag="505" ind1="0" ind2=" ">
    <subfield code="a">Rafael S&#xE1;nchez Quintana / Acondicionamiento Ac&#xFA;stico del Teatro Argentino.  p. 160</subfield>
  </datafield>
  <datafield tag="505" ind1="0" ind2=" ">
    <subfield code="a">Enrique D. Bares, Tom&#xE1;s Garc&#xED;a, Roberto S. Germani, In&#xE9;s Rubio, Alberto Sbarra, Carlos Ucar  /Teatro Argentino de la  Plata. p. 165</subfield>
  </datafield>
  <datafield tag="505" ind1="0" ind2=" ">
    <subfield code="a">WSDG, Sergio Molho/Dirk Noy / En busca de espacios acusticamente perfectos. p. 166</subfield>
  </datafield>
  <datafield tag="505" ind1="0" ind2=" ">
    <subfield code="a">WSDG / Estudio de Grabaci&#xF3;n Circo Beat, 2007. p. 167</subfield>
  </datafield>
  <datafield tag="505" ind1="0" ind2=" ">
    <subfield code="a">WSDG / Aeropuerto Zurich, Flughafenkopf, Airside Center, Zurich, Suiza, 2004. p. 167</subfield>
  </datafield>
  <datafield tag="505" ind1="0" ind2=" ">
    <subfield code="a">WSDG / IMAX 3D, Buenos Aires, Argentina, 2006. p. 168</subfield>
  </datafield>
  <datafield tag="505" ind1="0" ind2=" ">
    <subfield code="a">SOJ-Artec Consultants E WSDG / Jazz @ Lincoln Center. p. 168</subfield>
  </datafield>
  <datafield tag="600" ind1="1" ind2="0">
    <subfield code="9">24547</subfield>
    <subfield code="a">Rocha, Paulo Mendes da,</subfield>
    <subfield code="d">1928-2021</subfield>
  </datafield>
  <datafield tag="650" ind1=" " ind2=" ">
    <subfield code="a">Arquitectura contempor&#xE1;nea</subfield>
  </datafield>
  <datafield tag="650" ind1=" " ind2=" ">
    <subfield code="a">Auditorios</subfield>
    <subfield code="9">1304</subfield>
  </datafield>
  <datafield tag="650" ind1=" " ind2=" ">
    <subfield code="a">Detalles constructivos</subfield>
    <subfield code="9">728</subfield>
  </datafield>
  <datafield tag="650" ind1=" " ind2=" ">
    <subfield code="a">Ac&#xFA;stica</subfield>
    <subfield code="9">2536</subfield>
  </datafield>
  <datafield tag="650" ind1=" " ind2=" ">
    <subfield code="a">Ac&#xFA;stica arquitect&#xF3;nica</subfield>
    <subfield code="9">20420</subfield>
  </datafield>
  <datafield tag="773" ind1="0" ind2=" ">
    <subfield code="a">Summa+</subfield>
    <subfield code="d">Buenos Aires, Argentina</subfield>
    <subfield code="g">N&#xBA;86 (abr-2007), p.168</subfield>
    <subfield code="x">0327-9022</subfield>
  </datafield>
  <datafield tag="908" ind1=" " ind2=" ">
    <subfield code="a">Imp</subfield>
  </datafield>
  <datafield tag="942" ind1=" " ind2=" ">
    <subfield code="2">udc</subfield>
    <subfield code="c">ART</subfield>
  </datafield>
  <datafield tag="945" ind1=" " ind2=" ">
    <subfield code="d">2022-07-08</subfield>
  </datafield>
  <datafield tag="980" ind1=" " ind2=" ">
    <subfield code="6">138</subfield>
    <subfield code="a">Carolina Rainero</subfield>
    <subfield code="8">5</subfield>
    <subfield code="g">Mar&#xED;a Machado</subfield>
  </datafield>
  <datafield tag="999" ind1=" " ind2=" ">
    <subfield code="c">12054</subfield>
    <subfield code="d">12054</subfield>
  </datafield>
  <datafield tag="952" ind1=" " ind2=" ">
    <subfield code="0">0</subfield>
    <subfield code="1">0</subfield>
    <subfield code="2">udc</subfield>
    <subfield code="4">0</subfield>
    <subfield code="7">0</subfield>
    <subfield code="a">AR-RoUNA</subfield>
    <subfield code="b">AR-RoUNA</subfield>
    <subfield code="c">Heme</subfield>
    <subfield code="d">2025-08-01</subfield>
    <subfield code="e">Don</subfield>
    <subfield code="l">0</subfield>
    <subfield code="p">1002704</subfield>
    <subfield code="r">2025-08-01</subfield>
    <subfield code="t">ej. 1</subfield>
    <subfield code="w">2025-08-01</subfield>
    <subfield code="y">ART</subfield>
    <subfield code="k">K6</subfield>
    <subfield code="x"></subfield>
  </datafield>
</record>
